Statistics for Musical Acts by State - Georgia

Click here to take the quiz!

General Stats

  • This quiz has been taken 68 times
  • The average score is 12 of 30

Answer Stats

City/TownSongsAnswer% Correct
AtlantaHey Ya! | Ms. JacksonOutkast
92%
AthensLosing My Religion | Everybody HurtsR.E.M.
87%
AlbanyHit The Road Jack | Georgia On My MindRay Charles
81%
Lithia SpringsOld Town Road | Industry BabyLil Nas X
73%
AthensLove Shack | Rock LobsterThe B-52's
73%
AtlantaF**k You (Forget You) | Bright Lights Bigger CityCeeLo Green
69%
Dawson(Sittin' On) The Dock Of The Bay | These Arms Of MineOtis Redding
63%
MaconTutti Frutti | Good Golly, Miss MollyLittle Richard
62%
AtlantaRockin' Around The Christmas Tree | I'm SorryBrenda Lee
50%
AtlantaChicken Fried | Knee DeepZac Brown Band
48%
AtlantaMidnight Train To Georgia | Neither One Of Us (Wants To Be The First To Say Goodbye)Gladys Knight & the Pips
46%
LawrencevilleBad And Boujee | MotorSportMigos
46%
AtlantaMask Off | Life Is GoodFuture
44%
College ParkAngel Of Mine | The Boy Is MineMonica
42%
NewnanChattahoochee | Remember WhenAlan Jackson
38%
MariettaShe Talks To Angels | Hard To HandleThe Black Crowes
35%
AtlantaWhatever You Like | Live Your LifeT.I.
33%
AtlantaTurn Down For What | Snap Yo FingersLil Jon
31%
AtlantaJump | Warm It UpKris Kross
29%
LeesburgPlay It Again | Huntin’, Fishin’, And Lovin’ Every DayLuke Bryan
29%
AlbanyGone, Gone, Gone | HomePhillip Phillips
29%
RiverdaleMagnolia | WokeuplikethisPlayboi Carti
19%
StockbridgeShine | The World I KnowCollective Soul
17%
DecaturKnock You Down | Pretty Girl RockKeri Hilson
17%
SavannahPeople Are Crazy | Must Be Doin' Somethin' RightBilly Currington
15%
College Park
We Own It | It's A Vibe2 Chainz
13%
AtlantaDizzy | SheilaTommy Roe
13%
AtlantaGirls Need Love | Playing GamesSummer Walker
12%
JeffersonBottoms Up | Kick It In The SticksBrantley Gilbert
10%
AtlantaBest Friend | Go CrazyYoung Thug
10%

Score Distribution

Percentile by Number Answered

Percent of People with Each Score

Your Score History

You have not taken this quiz